[Event "CZE-chT2F 2223"]
[Site "Czech Republic"]
[Date "2022.11.20"]
[Round "3"]
[White "Kula, Dominik"]
[Black "Gibiec, Ernest"]
[Result "1-0"]
[WhiteElo "2205"]
[BlackElo "2114"]
[PlyCount "51"]
[EventDate "2022.10.16"]
[EventType "team-tourn"]
[EventRounds "11"]
[EventCountry "CZE"]
[SourceTitle "EXT 2024"]
[Source "ChessBase"]
[SourceDate "2023.10.10"]
[SourceVersion "1"]
[SourceVersionDate "2023.10.10"]
[SourceQuality "1"]
[WhiteTeam "Dobra Sokol"]
[BlackTeam "Cesky Tesin Slavoj"]
[WhiteTeamCountry "CZE"]
[BlackTeamCountry "CZE"]

1. e4 d6 2. d4 Nf6 3. Nc3 g6 4. Bg5 Bg7 5. f4 h6 6. Bh4 c6 7. Qd2 b5 8. Bd3 Qc7 9. Nf3 Bg4 10. 0-0 0-0 11. e5 b4 12. exf6 bxc3 13. bxc3 exf6 14. f5 g5 15. Bg3 Bxf3 16. Rxf3 Nd7 17. Re3 Rfe8 18. Rb1 Bf8 19. c4 Rxe3 20. Qxe3 c5 21. c3 Rc8 22. a4 Qa5 23. Bc2 a6 24. Rb7 Nb6 25. Qf3 cxd4 26. Qh5 1-0

[Event "CZE-chT2F 2223"]
[Site "Czech Republic"]
[Date "2022.10.16"]
[Round "1"]
[White "Rakus, Pavel"]
[Black "Kula, Dominik"]
[Result "1/2-1/2"]
[WhiteElo "2162"]
[BlackElo "2205"]
[PlyCount "67"]
[EventDate "2022.10.16"]
[EventType "team-tourn"]
[EventRounds "11"]
[EventCountry "CZE"]
[SourceTitle "EXT 2024"]
[Source "ChessBase"]
[SourceDate "2023.10.10"]
[SourceVersion "1"]
[SourceVersionDate "2023.10.10"]
[SourceQuality "1"]
[WhiteTeam "Dolni Benesov"]
[BlackTeam "Dobra Sokol"]
[WhiteTeamCountry "CZE"]
[BlackTeamCountry "CZE"]

1. Nf3 f5 2. d4 Nf6 3. g3 g6 4. Bg2 Bg7 5. 0-0 0-0 6. c4 d6 7. Nc3 Nc6 8. Qc2 e5 9. dxe5 dxe5 10. Rd1 Bd7 11. Bg5 e4 12. Nh4 Ne5 13. Nd5 c6 14. Nxf6+ Bxf6 15. Bxf6 Qxf6 16. f4 exf3 17. Nxf3 Rad8 18. Nxe5 Qxe5 19. e4 f4 20. gxf4 Qxf4 21. Qd2 Qh4 22. Qe3 b6 23. c5 Be6 24. cxb6 axb6 25. Qxb6 Rxd1+ 26. Rxd1 Bxa2 27. b3 Qf6 28. Rf1 Qb2 29. Rxf8+ Kxf8 30. Qd8+ Kg7 31. Qe7+ Kg8 32. Qe8+ Kg7 33. Qe7+ Kg8 34. Qe8+ 1/2-1/2

[Event "Ceske Budejovice op-A"]
[Site "Ceske Budejovice"]
[Date "2022.07.05"]
[Round "5"]
[White "Kula, Dominik"]
[Black "Zima, Jan"]
[Result "0-1"]
[WhiteElo "2229"]
[BlackElo "2134"]
[PlyCount "100"]
[EventDate "2022.07.01"]
[EventType "swiss"]
[EventRounds "9"]
[EventCountry "CZE"]
[SourceTitle "CBM 209 Extra"]
[Source "ChessBase"]
[SourceDate "2022.09.30"]
[SourceVersion "1"]
[SourceVersionDate "2022.09.30"]
[SourceQuality "1"]

1. e4 c5 2. Nf3 d6 3. d4 cxd4 4. Nxd4 Nf6 5. Nc3 a6 6. Bg5 e6 7. f4 h6 8. Bh4 Be7 9. Qf3 Nbd7 10. 0-0-0 Qc7 11. g4 b5 12. Bxf6 Nxf6 13. g5 hxg5 14. fxg5 Nd7 15. g6 Bg5+ 16. Kb1 Ne5 17. Qg2 Bf6 18. Bxb5+ axb5 19. Ndxb5 Qb6 20. Rxd6 Qc5 21. gxf7+ Kxf7 22. a3 Rb8 23. a4 Bd7 24. Rhd1 Bc6 25. Qe2 Rh3 26. Ka2 Rxc3 27. bxc3 Bxb5 28. axb5 Rxb5 29. Ra6 Ra5+ 30. Rxa5 Qxa5+ 31. Kb1 Qxc3 32. Qd2 Qc5 33. c3 Qc4 34. Qc2 Nc6 35. Rd7+ Ke8 36. Rd3 Qb5+ 37. Ka2 Qa5+ 38. Kb3 Qb5+ 39. Ka2 Bxc3 40. Qxc3 Nb4+ 41. Ka3 Nxd3 42. Qxg7 Qb4+ 43. Ka2 Qc4+ 44. Ka3 Qb4+ 45. Ka2 Qxe4 46. h4 Nb4+ 47. Kb3 Nd5 48. Qh8+ Kf7 49. h5 Nf6 50. h6 Qh7 0-1

[Event "CZE-chT2F 2122"]
[Site "Czech Republic"]
[Date "2022.02.13"]
[Round "8.2"]
[White "Belunek, Vladimir"]
[Black "Kula, Dominik"]
[Result "0-1"]
[WhiteElo "2225"]
[BlackElo "2211"]
[PlyCount "58"]
[EventDate "2021.10.17"]
[EventType "team-tourn"]
[EventRounds "11"]
[EventCountry "CZE"]
[SourceTitle "EXT 2024"]
[Source "ChessBase"]
[SourceDate "2023.10.10"]
[SourceVersion "1"]
[SourceVersionDate "2023.10.10"]
[SourceQuality "1"]
[WhiteTeam "Litovel Tatran"]
[BlackTeam "Dobra Sokol"]
[WhiteTeamCountry "CZE"]
[BlackTeamCountry "CZE"]

1. d4 f5 2. g3 Nf6 3. Bg2 g6 4. Nf3 Bg7 5. 0-0 0-0 6. e4 d6 7. Nc3 Qe8 8. Nd5 Nxd5 9. exd5 Nd7 10. Ng5 Nb6 11. a4 c6 12. dxc6 bxc6 13. d5 c5 14. a5 Nc4 15. Qe2 Ne5 16. a6 h6 17. Ne6 Bxe6 18. dxe6 Rb8 19. Bb7 g5 20. f3 Qg6 21. Bd2 f4 22. Qe4 g4 23. fxg4 fxg3 24. hxg3 Qxg4 25. Qg2 Nc4 26. Bf4 Bd4+ 27. Kh2 Rf5 28. Qe4 Rbf8 29. Kg2 Rh5 0-1

[Event "CZE-chT2F 2122"]
[Site "Czech Republic"]
[Date "2022.01.16"]
[Round "6.3"]
[White "Kula, Dominik"]
[Black "Jaworski, Miroslaw"]
[Result "1/2-1/2"]
[WhiteElo "2211"]
[BlackElo "2165"]
[PlyCount "45"]
[EventDate "2021.10.17"]
[EventType "team-tourn"]
[EventRounds "11"]
[EventCountry "CZE"]
[SourceTitle "EXT 2024"]
[Source "ChessBase"]
[SourceDate "2023.10.10"]
[SourceVersion "1"]
[SourceVersionDate "2023.10.10"]
[SourceQuality "1"]
[WhiteTeam "Dobra Sokol"]
[BlackTeam "Havirov Slovan"]
[WhiteTeamCountry "CZE"]
[BlackTeamCountry "CZE"]

1. Nf3 Nf6 2. b3 e6 3. c4 d5 4. Bb2 Be7 5. g3 0-0 6. Bg2 c5 7. cxd5 Nxd5 8. 0-0 Nc6 9. Na3 b6 10. Nc4 Bb7 11. d3 Rc8 12. Qd2 Bf6 13. Bxf6 Nxf6 14. Nfe5 Qc7 15. f4 Rfd8 16. Nxc6 Bxc6 17. Bxc6 Qxc6 18. f5 Rd5 19. Ne3 Rd4 20. Nc2 Rd5 21. Ne3 Rd4 22. Nc2 Rd5 23. Ne3 1/2-1/2

[Event "CZE-chT1E 2122"]
[Site "Czech Republic"]
[Date "2021.11.28"]
[Round "4.2"]
[White "Kula, Dominik"]
[Black "Sramek, Vojtech"]
[Result "0-1"]
[WhiteElo "2205"]
[BlackElo "2208"]
[PlyCount "100"]
[EventDate "2021.10.09"]
[EventType "team-tourn"]
[EventRounds "11"]
[EventCountry "CZE"]
[SourceTitle "EXT 2023"]
[Source "ChessBase"]
[SourceDate "2022.10.05"]
[SourceVersion "1"]
[SourceVersionDate "2022.10.05"]
[SourceQuality "1"]
[WhiteTeam "Hostalkova"]
[BlackTeam "Orlova Slavia"]
[WhiteTeamCountry "CZE"]
[BlackTeamCountry "CZE"]

1. e4 c5 2. Nf3 d6 3. Bb5+ Bd7 4. Bxd7+ Qxd7 5. 0-0 Nf6 6. Re1 Nc6 7. c3 e6 8. d4 cxd4 9. cxd4 d5 10. e5 Ne4 11. Nbd2 Nxd2 12. Bxd2 Be7 13. Bg5 0-0 14. Rc1 Rfc8 15. Bxe7 Nxe7 16. Re3 Rxc1 17. Qxc1 Rc8 18. Rc3 Rxc3 19. Qxc3 Qa4 20. h3 Nc6 21. a3 Qd1+ 22. Kh2 h6 23. b4 Qe2 24. Kg1 a6 25. g4 Qe4 26. Kg2 Ne7 27. Kg3 g5 28. Qd2 Ng6 29. h4 Nf4 30. Qe3 gxh4+ 31. Kh2 Ne2 32. Qxe4 dxe4 33. Nd2 Nxd4 34. Nxe4 Nc2 35. a4 Nxb4 36. Kh3 Nc6 37. Nc5 b5 38. axb5 axb5 39. f4 Nd4 40. Kxh4 b4 41. Nd3 b3 42. Kh5 Kg7 43. g5 hxg5 44. Kxg5 Nf3+ 45. Kg4 Ne1 46. Nb2 Kg6 47. Kg3 Kf5 48. Kf2 Nc2 49. Kf3 Nb4 50. Nc4 Nd3 0-1

[Event "Bohumin op 3rd"]
[Site "Bohumin"]
[Date "2020.07.24"]
[Round "7"]
[White "Kula, Dominik"]
[Black "Goluch, Piotr"]
[Result "0-1"]
[WhiteElo "2243"]
[BlackElo "2376"]
[PlyCount "62"]
[EventDate "2020.07.18"]
[EventType "swiss"]
[EventRounds "9"]
[EventCountry "CZE"]
[SourceTitle "CBM 197 Extra"]
[Source "ChessBase"]
[SourceDate "2020.09.30"]
[SourceVersion "1"]
[SourceVersionDate "2020.09.30"]
[SourceQuality "1"]

1. Nf3 Nf6 2. b3 d5 3. Bb2 Bg4 4. Ne5 h5 5. g3 Nbd7 6. Bg2 e6 7. h3 Bf5 8. d3 Bd6 9. Nxd7 Qxd7 10. Nd2 h4 11. g4 Bg6 12. e4 dxe4 13. Nxe4 Nxe4 14. dxe4 Qc6 15. Qd3 0-0-0 16. Qc4 Qxc4 17. bxc4 Bb4+ 18. c3 Bc5 19. f3 Rd3 20. Rd1 Re3+ 21. Kf1 Rd8 22. Rd4 e5 23. Rd5 Rxd5 24. cxd5 f6 25. c4 Be8 26. Bc1 Rc3 27. Ke2 Rc2+ 28. Bd2 Bb4 29. Rd1 Ba4 30. a3 Ba5 31. Kd3 Ra2 0-1

[Event "Bohumin op 3rd"]
[Site "Bohumin"]
[Date "2020.07.18"]
[Round "1"]
[White "Delgerdalai, Bayarjavkhlan"]
[Black "Kula, Dominik"]
[Result "1-0"]
[WhiteElo "1656"]
[BlackElo "2243"]
[PlyCount "143"]
[EventDate "2020.07.18"]
[EventType "swiss"]
[EventRounds "9"]
[EventCountry "CZE"]
[SourceTitle "CBM 197 Extra"]
[Source "ChessBase"]
[SourceDate "2020.09.30"]
[SourceVersion "1"]
[SourceVersionDate "2020.09.30"]
[SourceQuality "1"]

1. e4 c5 2. Nf3 d6 3. d4 cxd4 4. Nxd4 Nf6 5. Nc3 a6 6. Be3 e5 7. Nb3 Be6 8. Nd5 Nxd5 9. exd5 Bf5 10. Be2 Be7 11. 0-0 0-0 12. Qd2 Nd7 13. f4 exf4 14. Bxf4 Bg6 15. c4 Qb6+ 16. Be3 Bg5 17. Bxb6 Bxd2 18. Bc7 Bb4 19. a3 Rac8 20. axb4 Rxc7 21. Rfc1 Rfc8 22. Rc3 Kf8 23. Nd4 Nb6 24. b5 a5 25. b3 Nxd5 26. Rf3 Nf6 27. Rxa5 Bh5 28. Rxf6 Bxe2 29. Rxd6 Bd3 30. Ne6+ fxe6 31. Rxd3 Re7 32. Ra2 Rc5 33. Rf2+ Ke8 34. Rdf3 Kd7 35. Rf7 Re5 36. Rd2+ Ke8 37. Rxe7+ Kxe7 38. Kf2 Rf5+ 39. Ke3 Rf1 40. Kd4 Kd6 41. c5+ Kc7 42. Re2 Rd1+ 43. Kc3 Rc1+ 44. Kb4 Kd7 45. Rf2 Ke7 46. c6 bxc6 47. b6 c5+ 48. Kb5 Rb1 49. Rf3 Kd7 50. Kxc5 e5 51. b7 Kc7 52. Rf7+ Kb8 53. Kc6 Ka7 54. Rxg7 e4 55. Re7 Rxb3 56. Rxe4 Rxb7 57. Kd6 Rb2 58. Rg4 Kb6 59. h4 Re2 60. h5 h6 61. Rg6 Kb7 62. Rxh6 Rxg2 63. Rg6 Rc2 64. Ke7 Rc7+ 65. Kf8 Rc8+ 66. Kg7 Rc7+ 67. Kh8 Rc8+ 68. Kh7 Kc7 69. h6 Re8 70. Kg7 Re7+ 71. Kf8 Re1 72. h7 1-0

[Event "CZE-chT1E 1920"]
[Site "Czech Republic"]
[Date "2020.06.13"]
[Round "10.2"]
[White "Kula, Dominik"]
[Black "Olsarova, Karolina"]
[Result "1/2-1/2"]
[WhiteElo "2214"]
[BlackElo "2294"]
[PlyCount "60"]
[EventDate "2019.10.20"]
[EventType "team-tourn"]
[EventRounds "11"]
[EventCountry "CZE"]
[SourceTitle "EXT 2021"]
[Source "ChessBase"]
[SourceDate "2020.10.23"]
[SourceVersion "1"]
[SourceVersionDate "2020.10.23"]
[SourceQuality "1"]
[WhiteTeam "Hostalkova"]
[BlackTeam "Orlova Slavia"]
[WhiteTeamCountry "CZE"]
[BlackTeamCountry "CZE"]

1. e4 e5 2. Nf3 Nc6 3. Nc3 Nf6 4. d4 exd4 5. Nxd4 Bb4 6. Nxc6 bxc6 7. Bd3 d5 8. exd5 cxd5 9. 0-0 0-0 10. Bg5 c6 11. Qf3 Rb8 12. Ne2 Bg4 13. Bxf6 Bxf3 14. Bxd8 Bxe2 15. Bxe2 Rfxd8 16. c3 Ba5 17. b4 Bc7 18. Rac1 a5 19. a3 Rb7 20. Bf3 Kf8 21. g3 Be5 22. Rfd1 Ke7 23. Rc2 Rb6 24. Re2 Kf6 25. Rc2 Ra8 26. c4 axb4 27. axb4 dxc4 28. Rxc4 Rab8 29. Rxc6+ Rxc6 30. Bxc6 Rxb4 1/2-1/2

[Event "CZE-chT2E 1920"]
[Site "Czech Republic"]
[Date "2019.12.01"]
[Round "4.1"]
[White "Majer, Jiri"]
[Black "Kula, Dominik"]
[Result "1/2-1/2"]
[WhiteElo "2212"]
[BlackElo "2214"]
[PlyCount "69"]
[EventDate "2019.10.13"]
[EventType "team-tourn"]
[EventRounds "11"]
[EventCountry "CZE"]
[SourceTitle "EXT 2024"]
[Source "ChessBase"]
[SourceDate "2023.10.10"]
[SourceVersion "1"]
[SourceVersionDate "2023.10.10"]
[SourceQuality "1"]
[WhiteTeam "Kurim"]
[BlackTeam "Zlin"]
[WhiteTeamCountry "CZE"]
[BlackTeamCountry "CZE"]

1. e4 c5 2. c3 Nf6 3. e5 Nd5 4. d4 cxd4 5. Nf3 e6 6. cxd4 d6 7. Nc3 Nc6 8. Nxd5 exd5 9. Be2 dxe5 10. Nxe5 Bd6 11. 0-0 0-0 12. Nxc6 bxc6 13. Be3 Qh4 14. g3 Qe7 15. Re1 Bh3 16. Bd3 Qd7 17. Qh5 g6 18. Qh4 Rfe8 19. Bh6 Qg4 20. Qf6 Bf8 21. Bxf8 Rxf8 22. f3 Qc8 23. g4 Qb7 24. Re2 Rae8 25. Rae1 Rxe2 26. Rxe2 Qb4 27. Kf2 Qa4 28. b3 Qb4 29. Qe5 Qc3 30. Re3 Qd2+ 31. Be2 f5 32. Qe6+ Rf7 33. Qe8+ Rf8 34. Qe6+ Rf7 35. Qe8+ 1/2-1/2

[Event "CZE-chT1E 1920"]
[Site "Czech Republic"]
[Date "2019.11.24"]
[Round "3.5"]
[White "Kula, Dominik"]
[Black "Rabatin, Jakub"]
[Result "1/2-1/2"]
[WhiteElo "2214"]
[BlackElo "2303"]
[PlyCount "64"]
[EventDate "2019.10.20"]
[EventType "team-tourn"]
[EventRounds "11"]
[EventCountry "CZE"]
[SourceTitle "CBM 193 Extra"]
[Source "ChessBase"]
[SourceDate "2020.01.31"]
[SourceVersion "1"]
[SourceVersionDate "2020.01.31"]
[SourceQuality "1"]
[WhiteTeam "Hostalkova"]
[BlackTeam "Frydek Mistek II"]
[WhiteTeamCountry "CZE"]
[BlackTeamCountry "CZE"]

1. Nf3 Nf6 2. b3 g6 3. Bb2 Bg7 4. c4 d6 5. g3 e5 6. Bg2 0-0 7. Nc3 Nc6 8. 0-0 Nh5 9. d3 f5 10. e3 Nf6 11. a3 f4 12. exf4 exf4 13. Qd2 Ng4 14. Nd5 Bxb2 15. Qxb2 fxg3 16. fxg3 Bf5 17. Qc3 Ne7 18. Nd4 c6 19. Nxe7+ Qxe7 20. Nxf5 Rxf5 21. Qd4 Qe3+ 22. Qxe3 Nxe3 23. Rxf5 Nxf5 24. Re1 Kf7 25. b4 Re8 26. Rxe8 Kxe8 27. Kf2 Ke7 28. g4 Nd4 29. Ke3 Nc2+ 30. Kd2 Nd4 31. Ke3 Nc2+ 32. Kd2 Nd4 1/2-1/2

[Event "CZE-chT2E 1920"]
[Site "Czech Republic"]
[Date "2019.11.03"]
[Round "2.1"]
[White "Kula, Dominik"]
[Black "Bures, Jaroslav"]
[Result "1/2-1/2"]
[WhiteElo "2214"]
[BlackElo "2388"]
[PlyCount "151"]
[EventDate "2019.10.13"]
[EventType "team-tourn"]
[EventRounds "11"]
[EventCountry "CZE"]
[SourceTitle "EXT 2024"]
[Source "ChessBase"]
[SourceDate "2023.10.10"]
[SourceVersion "1"]
[SourceVersionDate "2023.10.10"]
[SourceQuality "1"]
[WhiteTeam "Zlin"]
[BlackTeam "Jundrov Jezdci"]
[WhiteTeamCountry "CZE"]
[BlackTeamCountry "CZE"]

1. Nf3 d5 2. b3 Bf5 3. Bb2 e6 4. g3 h6 5. Bg2 Nf6 6. 0-0 Be7 7. d3 0-0 8. Nbd2 c5 9. c4 Nc6 10. cxd5 exd5 11. d4 Ne4 12. dxc5 Bxc5 13. e3 Re8 14. Nxe4 dxe4 15. Nd4 Bxd4 16. Bxd4 Nxd4 17. Qxd4 Qxd4 18. exd4 Rad8 19. Rad1 Be6 20. Rfe1 Bd5 21. Kf1 f5 22. Ke2 g5 23. Ke3 Rf8 24. f4 exf3 25. Bxf3 f4+ 26. gxf4 Rde8+ 27. Kf2 Bxf3 28. Kxf3 Rxf4+ 29. Kg3 Rxe1 30. Rxe1 Rxd4 31. Re6 Kg7 32. Re7+ Kg6 33. Rxb7 Rd3+ 34. Kg2 Rd2+ 35. Kg3 Rxa2 36. h4 gxh4+ 37. Kxh4 Kf5 38. Kg3 Ke5 39. Rh7 Kd4 40. Rxh6 Kc3 41. Kf3 Kxb3 42. Ke3 a5 43. Kd3 Rb2 44. Rb6+ Ka3 45. Ra6 a4 46. Kc3 Rb8 47. Kc2 Rb4 48. Kc3 Rh4 49. Rb6 Rh3+ 50. Kc2 Rb3 51. Ra6 Rb8 52. Ra7 Rg8 53. Rb7 Rg1 54. Ra7 Rg4 55. Rb7 Rc4+ 56. Kb1 Rc3 57. Rb8 Rh3 58. Rb7 Rh1+ 59. Kc2 Ka2 60. Rb2+ Ka1 61. Rb4 a3 62. Rb3 Rh2+ 63. Kc1 Ka2 64. Rb7 Rb2 65. Rh7 Rb4 66. Rh2+ Ka1 67. Rc2 Rb1+ 68. Kd2 Rb2 69. Kc1 Ka2 70. Rc8 Rb1+ 71. Kc2 Rg1 72. Rb8 Rg2+ 73. Kc1 Re2 74. Rb7 Re4 75. Rc7 Re8 76. Kc2 1/2-1/2

[Event "Olomouc IM1 22nd"]
[Site "Olomouc"]
[Date "2019.08.17"]
[Round "9"]
[White "Kula, Dominik"]
[Black "Malisov, Boris"]
[Result "1/2-1/2"]
[WhiteElo "2219"]
[BlackElo "2271"]
[PlyCount "58"]
[EventDate "2019.08.10"]
[EventType "tourn"]
[EventRounds "9"]
[EventCountry "CZE"]
[SourceTitle "CBM 191 Extra"]
[Source "ChessBase"]
[SourceDate "2019.09.30"]
[SourceVersion "1"]
[SourceVersionDate "2019.09.30"]
[SourceQuality "1"]

1. e4 c6 2. Nc3 d5 3. Nf3 g6 4. d4 Bg7 5. exd5 cxd5 6. Bb5+ Nc6 7. Ne5 Bd7 8. Nxd7 Qxd7 9. 0-0 Nf6 10. Bg5 0-0 11. Bxf6 Bxf6 12. Bxc6 Qxc6 13. Ne2 e6 14. c3 Bg7 15. Nf4 a5 16. a4 b6 17. Nd3 Qd6 18. f4 f6 19. Qg4 Rae8 20. Rae1 Qc6 21. Qd1 Rf7 22. Re3 Rfe7 23. Rfe1 Qd6 24. Qe2 Kf7 25. g4 Qc6 26. Qd1 Qd6 27. Qe2 Qc6 28. Qd1 Qd6 29. Qe2 Qc6 1/2-1/2

[Event "Vsetin op 44th"]
[Site "Vsetin"]
[Date "2019.07.06"]
[Round "9"]
[White "Kula, Dominik"]
[Black "Jasny, Stanislav"]
[Result "1/2-1/2"]
[WhiteElo "2232"]
[BlackElo "2345"]
[PlyCount "32"]
[EventDate "2019.06.29"]
[EventType "swiss"]
[EventRounds "9"]
[EventCountry "CZE"]
[SourceTitle "CBM 191 Extra"]
[Source "ChessBase"]
[SourceDate "2019.09.30"]
[SourceVersion "1"]
[SourceVersionDate "2019.09.30"]
[SourceQuality "1"]

1. Nf3 Nf6 2. b3 g6 3. Bb2 Bg7 4. c4 d6 5. g3 c5 6. Bg2 e5 7. Nc3 Nc6 8. 0-0 0-0 9. e3 Rb8 10. d4 exd4 11. exd4 Bg4 12. dxc5 dxc5 13. h3 Bxf3 14. Qxf3 Nd4 15. Qd3 Qc7 16. Rad1 Rbd8 1/2-1/2

[Event "Vsetin op 44th"]
[Site "Vsetin"]
[Date "2019.07.02"]
[Round "4"]
[White "Kula, Dominik"]
[Black "Zvolanek, Libor"]
[Result "0-1"]
[WhiteElo "2232"]
[BlackElo "2135"]
[PlyCount "98"]
[EventDate "2019.06.29"]
[EventType "swiss"]
[EventRounds "9"]
[EventCountry "CZE"]
[SourceTitle "CBM 191 Extra"]
[Source "ChessBase"]
[SourceDate "2019.09.30"]
[SourceVersion "1"]
[SourceVersionDate "2019.09.30"]
[SourceQuality "1"]

1. e4 Nf6 2. e5 Nd5 3. d4 d6 4. Bc4 Nb6 5. Bb3 dxe5 6. Qh5 e6 7. dxe5 a5 8. a3 a4 9. Ba2 Nc6 10. Nf3 Nd4 11. Nxd4 Qxd4 12. 0-0 g6 13. Qf3 Qxe5 14. Nc3 Bd6 15. g3 Qf5 16. Qe2 Bd7 17. Be3 Bc6 18. f3 0-0 19. Rad1 Bc5 20. Bxc5 Qxc5+ 21. Kg2 Nd5 22. Nxd5 exd5 23. Rf2 Bb5 24. Qd2 c6 25. Qg5 Bc4 26. Bxc4 Qxc4 27. c3 Rfe8 28. Rdd2 Re6 29. Qh6 Qc5 30. h4 Qe3 31. f4 Qe4+ 32. Kh2 Qf5 33. Qg5 Qxg5 34. hxg5 Rae8 35. Kh3 Kg7 36. Kg4 f5+ 37. Kh3 Re3 38. Kh2 h6 39. gxh6+ Kxh6 40. Kh3 R8e4 41. Kg2 g5 42. fxg5+ Kxg5 43. Kh2 Kg4 44. Rc2 Rf3 45. Rg2 Re7 46. c4 d4 47. c5 d3 48. Rc3 Re4 49. b3 d2 0-1

[Event "Vsetin op 44th"]
[Site "Vsetin"]
[Date "2019.06.30"]
[Round "2"]
[White "Kula, Dominik"]
[Black "Skiba, Aleksandra"]
[Result "1-0"]
[WhiteElo "2232"]
[BlackElo "1795"]
[PlyCount "93"]
[EventDate "2019.06.29"]
[EventType "swiss"]
[EventRounds "9"]
[EventCountry "CZE"]
[SourceTitle "CBM 191 Extra"]
[Source "ChessBase"]
[SourceDate "2019.09.30"]
[SourceVersion "1"]
[SourceVersionDate "2019.09.30"]
[SourceQuality "1"]

1. e4 c5 2. Nf3 Nc6 3. d4 cxd4 4. Nxd4 e5 5. Nb5 d6 6. N1c3 a6 7. Na3 b5 8. Nd5 Nge7 9. c4 Nd4 10. Be3 Nxd5 11. exd5 Qa5+ 12. Qd2 Qxd2+ 13. Kxd2 bxc4 14. Bxd4 exd4 15. Bxc4 g6 16. Rhe1+ Kd8 17. Nc2 Bg7 18. Nb4 Bb7 19. Kd3 Be5 20. Nc2 Rc8 21. Nxd4 a5 22. Rac1 Re8 23. g3 Re7 24. f4 Bf6 25. Rxe7 Bxe7 26. Rc3 a4 27. Ra3 Ra8 28. Ne2 Bf6 29. Nc3 Ra5 30. b4 Ra8 31. Rxa4 Rc8 32. Ne4 Be7 33. Ra7 Rc7 34. Ra3 h6 35. Rb3 f5 36. Nc3 Rc8 37. a4 g5 38. a5 Bf6 39. a6 Ba8 40. b5 Bxc3 41. Rxc3 Rc5 42. b6 Bxd5 43. Bxd5 Rxd5+ 44. Kc2 gxf4 45. gxf4 Ra5 46. b7 Rb5 47. a7 1-0

[Event "Vsetin op 44th"]
[Site "Vsetin"]
[Date "2019.06.29"]
[Round "1"]
[White "Matejovsky, Ondrej"]
[Black "Kula, Dominik"]
[Result "1/2-1/2"]
[WhiteElo "2007"]
[BlackElo "2232"]
[PlyCount "139"]
[EventDate "2019.06.29"]
[EventType "swiss"]
[EventRounds "9"]
[EventCountry "CZE"]
[SourceTitle "CBM 191 Extra"]
[Source "ChessBase"]
[SourceDate "2019.09.30"]
[SourceVersion "1"]
[SourceVersionDate "2019.09.30"]
[SourceQuality "1"]

1. e4 c5 2. Nf3 d6 3. Bb5+ Nd7 4. 0-0 Ngf6 5. Re1 e5 6. c3 Be7 7. d4 0-0 8. Bg5 a6 9. Bxd7 Nxd7 10. Bxe7 Qxe7 11. Nbd2 b5 12. a4 Rb8 13. axb5 Rxb5 14. Nc4 cxd4 15. cxd4 Nb6 16. Nxb6 Rxb6 17. dxe5 dxe5 18. Qc2 f6 19. Re3 Qb7 20. b3 Be6 21. Nd2 Rc8 22. Qd3 Rb4 23. Qd6 Rb6 24. Qd3 Rb8 25. h3 Qc6 26. Qc3 Rd8 27. Qxc6 Rxc6 28. Ra2 Rc1+ 29. Kh2 Rd6 30. Kg3 Rd1 31. Nc4 Bxc4 32. bxc4 Rc1 33. Ra4 Rc6 34. Rea3 R1xc4 35. Rxa6 Rxa6 36. Rxa6 Rxe4 37. Ra7 h5 38. Rb7 Kh7 39. Ra7 Kh6 40. Rb7 h4+ 41. Kf3 Rf4+ 42. Ke2 g5 43. Rb8 Kg6 44. Ra8 Rb4 45. Ra2 Rb1 46. f3 Rb4 47. Kf2 Kf5 48. Ra6 Rb2+ 49. Kf1 Rb8 50. Kf2 Re8 51. Ra5 Re6 52. Rb5 Kg6 53. Ke3 f5 54. Rb8 e4 55. fxe4 Rxe4+ 56. Kf3 Re7 57. Rg8+ Kf6 58. Rf8+ Rf7 59. Ra8 Kg6 60. Rg8+ Kh6 61. Rh8+ Kg7 62. Ra8 Rb7 63. Ra6 Rb3+ 64. Kf2 Rb4 65. Rc6 Rf4+ 66. Kg1 g4 67. hxg4 fxg4 68. g3 hxg3 69. Kg2 Rf6 70. Rxf6 1/2-1/2

[Event "CZE-chT2E 1819"]
[Site "Czech Republic"]
[Date "2019.03.17"]
[Round "10.1"]
[White "Kula, Dominik"]
[Black "Zavurka, Roman"]
[Result "1-0"]
[WhiteElo "2206"]
[BlackElo "2125"]
[PlyCount "119"]
[EventDate "2018.10.14"]
[EventType "team-tourn"]
[EventRounds "11"]
[EventCountry "CZE"]
[SourceTitle "EXT 2022"]
[Source "ChessBase"]
[SourceDate "2021.10.06"]
[SourceVersion "1"]
[SourceVersionDate "2021.10.06"]
[SourceQuality "1"]
[WhiteTeam "Zlin"]
[BlackTeam "Prostejov"]
[WhiteTeamCountry "CZE"]
[BlackTeamCountry "CZE"]

1. e4 d6 2. d4 Nf6 3. Nc3 Nbd7 4. Bg5 c6 5. Qd2 e5 6. f4 exd4 7. Qxd4 Qb6 8. 0-0-0 Qxd4 9. Rxd4 h6 10. Bh4 g5 11. fxg5 hxg5 12. Bxg5 Ng4 13. Nf3 f6 14. Bf4 Nde5 15. Be2 Be6 16. h3 0-0-0 17. Rf1 Ng6 18. Bd2 N4e5 19. Nxe5 fxe5 20. Ra4 Be7 21. Rxa7 Kb8 22. Ra5 Rdg8 23. b4 Nh4 24. g4 Bd8 25. Ra3 Ng2 26. Nd1 Nf4 27. Bxf4 exf4 28. Kb1 Bg5 29. Raf3 d5 30. Nf2 Kc7 31. e5 Ra8 32. a3 b6 33. Kb2 c5 34. Nd3 c4 35. Nxf4 Bxf4 36. Rxf4 Rxh3 37. R1f3 Rh2 38. Rf2 Rh3 39. R4f3 Rxf3 40. Rxf3 d4 41. Rf6 c3+ 42. Kb1 Bd5 43. Rd6 Rd8 44. Rxd8 Kxd8 45. Bd3 Ke7 46. Bf5 b5 47. Kc1 Bc4 48. Kd1 Kf7 49. g5 Kg7 50. Bg4 Kg6 51. Bd7 Bd5 52. Bxb5 Kxg5 53. Bd7 Bf3+ 54. Kc1 Kf4 55. e6 Bg4 56. a4 Ke5 57. a5 Kd6 58. a6 Kc7 59. a7 Bf3 60. b5 1-0

[Event "CZE-chT2E 1819"]
[Site "Czech Republic"]
[Date "2019.02.10"]
[Round "8.1"]
[White "Kula, Dominik"]
[Black "Husek, Martin"]
[Result "1/2-1/2"]
[WhiteElo "2206"]
[BlackElo "2134"]
[PlyCount "86"]
[EventDate "2018.10.14"]
[EventType "team-tourn"]
[EventRounds "11"]
[EventCountry "CZE"]
[SourceTitle "EXT 2022"]
[Source "ChessBase"]
[SourceDate "2021.10.06"]
[SourceVersion "1"]
[SourceVersionDate "2021.10.06"]
[SourceQuality "1"]
[WhiteTeam "Zlin"]
[BlackTeam "Stare Mesto II"]
[WhiteTeamCountry "CZE"]
[BlackTeamCountry "CZE"]

1. e4 c5 2. Nf3 e6 3. c4 Nc6 4. Nc3 a6 5. Be2 Nd4 6. 0-0 Ne7 7. Re1 Nec6 8. d3 g6 9. Bf4 d6 10. e5 Nxf3+ 11. Bxf3 Nxe5 12. Bxe5 dxe5 13. Qa4+ Bd7 14. Qa3 Qc7 15. Rab1 Rb8 16. Re2 Be7 17. Rbe1 f6 18. h4 Kf7 19. b3 Rbd8 20. Qc1 Bc8 21. Re3 Bf8 22. g4 Rd4 23. Ne2 h5 24. Nxd4 exd4 25. Re4 hxg4 26. Rxg4 Bh6 27. Qd1 f5 28. Rg3 Bf4 29. Rh3 Qd8 30. Kf1 Rxh4 31. Rxh4 Qxh4 32. Ke2 Qd8 33. Rh1 Qa5 34. Bxb7 Qxa2+ 35. Kf1 Bxb7 36. Rh7+ Kf6 37. Rxb7 Qd2 38. Qe2 Qc1+ 39. Kg2 Be5 40. Qf3 Qg5+ 41. Kf1 Qc1+ 42. Kg2 Qg5+ 43. Kf1 Qc1+ 1/2-1/2